Huésped de tu voz / (Record no. 102748)
[ view plain ]
| 000 -LEADER | |
|---|---|
| campo de control de longitud fija | 00614nam a2200217 i 4500 |
| 001 - NÚMERO DE CONTROL | |
| campo de control | 102748 |
| 003 - IDENTIFICADOR DE NÚMERO DE CONTROL | |
| campo de control | ES-MaACL |
| 005 - FECHA Y HORA DE LA ÚLTIMA TRANSACCIÓN | |
| campo de control | 20250911062832.0 |
| 007 - CAMPO FIJO DE DESCRIPCIÓN FÍSICA--INFORMACIÓN GENERAL | |
| campo de control de longitud fija | t| |
| 008 - DATOS DE LONGITUD FIJA--INFORMACIÓN GENERAL | |
| campo de control de longitud fija | 051201s2005 sp ||||1| spa d |
| 020 ## - NÚMERO INTERNACIONAL ESTÁNDAR DEL LIBRO | |
| Número Internacional Estándar del Libro | 84-7522-583-7 |
| 080 ## - NÚMERO DE LA CLASIFICACIÓN DECIMAL UNIVERSAL | |
| Número de la Clasificación Decimal Universal | 821.134.2-14"19" |
| 100 1# - ENTRADA PRINCIPAL--NOMBRE DE PERSONA | |
| Nombre de persona | Massana, Juan. |
| 9 (RLIN) | 78789 |
| 245 10 - MENCIÓN DEL TÍTULO | |
| Título | Huésped de tu voz / |
| Mención de responsabilidad, etc. | Juan Massana. |
| 260 ## - PUBLICACIÓN, DISTRIBUCIÓN, ETC. | |
| Lugar de publicación, distribución, etc. | Madrid : |
| Nombre del editor, distribuidor, etc. | Visor Libros, |
| Fecha de publicación, distribución, etc. | [2005] |
| 300 ## - DESCRIPCIÓN FÍSICA | |
| Extensión | 48 p. ; |
| Dimensiones | 20 cm. |
| 490 1# - MENCIÓN DE SERIE | |
| Mención de serie | Colección Visor de poesía ; |
| Designación de volumen o secuencia | 583 |
| 830 0# - PUNTO DE ACCESO ADICIONAL DE SERIE-TÍTULO UNIFORME | |
| Título uniforme | Colección Visor de poesía |
| Designación de volumen o secuencia | 583 |
| 9 (RLIN) | 177331 |
| 852 ## - LOCALIZACIÓN | |
| Ubicación | ES-MaACL |
| Número de control de estantería | 2199-F-3 |
| Sublocalización o colección | R.136412 |
| Estatus retirado | Estado de pérdida | Estado de daño | No para préstamo | Colección | Biblioteca de origen | Biblioteca actual | Ubicación en estantería | Fecha de adquisición | Fuente de adquisición | Total de préstamos | Signatura topográfica completa | Código de barras | Visto por última vez | Precio de reemplazo | Tipo de ítem Koha |
|---|---|---|---|---|---|---|---|---|---|---|---|---|---|---|---|
| Colección de folletos | Biblioteca del Ateneo de Madrid | Biblioteca del Ateneo de Madrid | Depósito folletos | 17/01/2008 | 2199-F-3 | 1107258 | 23/02/2023 | 23/02/2023 | Folleto |
